Microprocessor architecture programming and applications with the 8085 / (Record no. 134932)

MARC details
000 -LEADER
fixed length control field 00788nam a22002417a 4500
005 - DATE AND TIME OF LATEST TRANSACTION
control field 20170124110237.0
010 ## - LIBRARY OF CONGRESS CONTROL NUMBER
LC control number B-276977
020 ## - INTERNATIONAL STANDARD BOOK NUMBER
Terms of availability 00.00
International Standard Book Number 9788187972099
035 ## - SYSTEM CONTROL NUMBER
System control number B-276977
037 ## - SOURCE OF ACQUISITION
Source of stock number/acquisition Cen Lib/Ret
040 ## - CATALOGING SOURCE
Original cataloging agency DPL
Language of cataloging EN
082 ## - DEWEY DECIMAL CLASSIFICATION NUMBER
Classification number 004.165
Item number GAO
100 ## - MAIN ENTRY--PERSONAL NAME
Personal name Gaonkar, Ramesh S.
9 (RLIN) 42198
245 ## - TITLE STATEMENT
Title Microprocessor architecture programming and applications with the 8085 /
Statement of responsibility, etc by Ramesh S. Gaonkar
250 ## - EDITION STATEMENT
Edition statement 5th ed
260 ## - PUBLICATION, DISTRIBUTION, ETC. (IMPRINT)
Place of publication, distribution, etc Mumbai
Name of publisher, distributor, etc Penram international publishing
Date of publication, distribution, etc 2008
270 ## - ADDRESS
City Mumbai
Address B-20, Bussa udyog bhavan, T.J. road, sewree
Postal code 400015
300 ## - PHYSICAL DESCRIPTION
Extent x,820p.
Dimensions 23cm(pbk)
500 ## - GENERAL NOTE
General note Includes index
650 ## - SUBJECT ADDED ENTRY--TOPICAL TERM
Topical term or geographic name as entry element Computer architecture
9 (RLIN) 21262
650 ## - SUBJECT ADDED ENTRY--TOPICAL TERM
General subdivision
Topical term or geographic name as entry element Computer programming
9 (RLIN) 1122
942 ## - ADDED ENTRY ELEMENTS (KOHA)
Source of classification or shelving scheme Dewey Decimal Classification
Koha item type English Books
Classification part 004.165
Call number suffix GAO
Holdings
Withdrawn status Lost status Damaged status Not for loan Home library Current library Date acquired Source of acquisition Cost, normal purchase price Total Checkouts Total Renewals Full call number Barcode Date last seen Date checked out Copy number Cost, replacement price Price effective from Koha item type
        Central Library Central Library 31/07/2015 Cen Lib/Ret 0.00 6 8 004.165 GAO B-276977 22/03/2021 04/03/2021 1 0.00 31/07/2015 English Books

© Delhi Public Library
Hit Counter
free hit counter